Consideraciones en torno a la modernización agrícola /

Kaydedildi:
Detaylı Bibliyografya
Yazar: Torres Torres, Felipe
Materyal Türü: Metin
Etiketler: Etiketle
Etiket eklenmemiş, İlk siz ekleyin!

MARC

LEADER 00000 a a2200000 04500
001 45769
003
040
100 |a Torres Torres, Felipe  
245 |a Consideraciones en torno a la modernización agrícola /  |c Felipe Torres Torres  
773 |g número41 (1988), páginas 8-11  
999 |c 26489  |d 26489